| Tag |
First Indicator |
Second Indicator |
Subfields |
| LEADER |
00000cam a2200000 a 4500 |
| 001 |
in00002391963 |
| 005 |
20151109055507.0 |
| 008 |
071101s2008 qucac b 001 0beng |
| 015 |
|
|
|a GBA822764
|2 bnb
|
| 016 |
|
|
|a 20079068286
|
| 016 |
7 |
|
|a 014530989
|2 Uk
|
| 020 |
|
|
|a 9780773533554
|
| 020 |
|
|
|a 0773533559
|
| 029 |
0 |
|
|a NLC
|b 20079068286
|
| 035 |
|
|
|a (OCoLC)ocn181078401
|
| 035 |
|
|
|a (OCoLC)181078401
|
| 040 |
|
|
|a NLC
|b eng
|c NLC
|d BTCTA
|d BAKER
|d YDXCP
|d UKM
|d C#P
|d VP@
|d UtOrBLW
|
| 043 |
|
|
|a n-cn-ns
|
| 049 |
|
|
|a TXAM
|
| 050 |
|
4 |
|a PR9199.3.R5
|b Z7 2008
|
| 055 |
0 |
2 |
|a PS8535*
|
| 055 |
|
3 |
|a PS8535 I38
|b Z7 2008
|
| 055 |
0 |
0 |
|a PS8535 I38
|b Z7 2008
|
| 082 |
0 |
|
|a C813/.54
|2 22
|
| 100 |
1 |
|
|a Kramer, Reinhold,
|d 1959-
|
| 245 |
1 |
0 |
|a Mordecai Richler :
|b leaving St. Urbain /
|c Reinhold Kramer.
|
| 264 |
|
1 |
|a Montreal :
|b McGill-Queen's University Press,
|c [2008]
|
| 264 |
|
4 |
|c ©2008
|
| 300 |
|
|
|a xii, 498 pages :
|b illustrations, portraits ;
|c 25 cm.
|
| 336 |
|
|
|a text
|b txt
|2 rdacontent
|
| 337 |
|
|
|a unmediated
|b n
|2 rdamedia
|
| 338 |
|
|
|a volume
|b nc
|2 rdacarrier
|
| 490 |
1 |
|
|a Arts insights
|
| 504 |
|
|
|a Includes bibliographical references (pages [459]-483) and index.
|
| 600 |
1 |
0 |
|a Richler, Mordecai,
|d 1931-2001.
|
| 600 |
1 |
0 |
|a Richler, Mordecai,
|d 1931-2001
|x Criticism and interpretation.
|
| 650 |
|
5 |
|a Novelists, Canadian (English)
|y 20th century
|v Biography.
|
| 650 |
|
0 |
|a Jewish authors
|z Canada
|v Biography.
|
| 600 |
1 |
6 |
|a Richler, Mordecai,
|d 1931-2001.
|
| 600 |
1 |
6 |
|a Richler, Mordecai,
|d 1931-2001
|x Critique et interprétation.
|
| 650 |
|
6 |
|a Romanciers canadiens-anglais
|y 20e siècle
|v Biographies.
|
| 650 |
|
6 |
|a Écrivains juifs
|z Canada
|v Biographies.
|
| 830 |
|
0 |
|a Arts insights.
|
| 938 |
|
|
|a Baker and Taylor
|b BTCP
|n BK0007546750
|
| 938 |
|
|
|a Baker & Taylor
|b BKTY
|c 39.95
|d 29.96
|i 0773533559
|n 0007546750
|s active
|
| 938 |
|
|
|a YBP Library Services
|b YANK
|n 2752649
|
| 945 |
|
|
|a PromptCat
|b 419945
|
| 946 |
|
|
|a stk
|
| 947 |
|
|
|a A14836783188
|
| 994 |
|
|
|a 92
|b TXA
|
| 948 |
|
|
|a cataloged
|b h
|c 2008/5/29
|d c
|e asalazar
|f 4:50:32 pm
|
| 999 |
|
|
|a MARS
|
| 999 |
f |
f |
|s 7f9c6606-00ba-3bcf-a692-deb93fa1ff9b
|i fbcfe5d2-ab82-36de-bf42-0ee982fb275f
|t 0
|
| 952 |
f |
f |
|p normal
|a Texas A&M University
|b College Station
|c Sterling C. Evans Library
|d Evans: Library Stacks
|t 0
|e PR9199.3.R5 Z7 2008
|h Library of Congress classification
|i unmediated -- volume
|m A14836783188
|
| 998 |
f |
f |
|a PR9199.3.R5 Z7 2008
|t 0
|l Evans: Library Stacks
|